Normal view MARC view

Entry Nombre personal

Number of records used in: 72

001 - NÚMERO DE CONTROL

  • campo de control: 125563

003 - IDENTIFICADOR DE NÚMERO DE CONTROL

  • campo de control: OSt

005 - FECHA Y HORA DE LA ÚLTIMA TRANSACCIÓN

  • campo de control: 20230222192846.0

008 - ELEMENTOS DE DATO DE LONGITUD-FIJA

  • campo de control de longitud fija: 080222 b azznnaaan n bnc d

040 ## - FUENTE DE CATALOGACIÓN

  • Centro catalogador/agencia de origen: OSt
  • Centro/agencia transcriptor: OSt

100 0# - ENCABEZAMIENTO-NOMBRE DE PERSONA

  • Nombre de persona: Agustín,
  • Títulos y otros términos asociados al nombre: Santo, Obispo de Hipona

400 0# - TRAZADO DE VÉASE--NOMBRE DE PERSONA

  • Nombre de persona: Agustín
  • Títulos y otros términos asociados al nombre: Santo

400 0# - TRAZADO DE VÉASE--NOMBRE DE PERSONA

  • Nombre de persona: Agustín de Hipona
  • Títulos y otros términos asociados al nombre: Santo